00468 2200193 4500001002100000005001500021008004100036020001800077035001900095041000700114082001100121090001600132100001500148245002400163260002700187300002900214500001000243650002100253INLIS00000000000402920241224112832241224||||||||| | ||| |||| || |  a979-507-305-2 0010-1224004029 aid0 a808..3 a808.3 BOA b0 aLa Ode Boa00aButon Dalam Gerimis bMitra Gama Widyac2013 aix,101 hlm.:ilus.;20 cm. aCet.3 0aImu Kesusastraan